01915naa a2200241 a 450000100080000000500110000800800410001902200140006010000190007424502050009326000090029852010370030765300250134465300180136965300260138770000160141370000130142970000180144270000190146070000140147970000220149377301580151511205652014-04-11 2013 bl uuuu u00u1 u #d a2236-79341 aPADILHA, A. C. aAgrobiodiversidadebavalia????o da preferencia do gorgulho do milho (Sitophilus zeamais Moth.) a gr??os de popula????es crioulas e de variedade de poliniza????o aberta de milho.h[electronic resource] c2013 aO cultivo das popula????es crioulas de milho ?? uma atividade que garante a sustentabilidade e a autonomia do pequeno agricultor. A presen??a do Sitophilus zeamais, praga do milho armazenado compromete a qualidade dos gr??os e estimula a utiliza????o de agrot??xicos. Neste trabalho avaliou-se a prefer??ncia de S. zeamais por gr??os de cultivares crioulas e variedade de poliniza????o aberta de milho. O teste foi realizado em arenas onde por????es de 20 g de gr??os das cultivares Lombo Baio, Cunha, Pixurum 4, Gon??alves, Asteca, Canad??, Ligeirinho, Amarel??o e ?SCS154 Fortuna? foram colocada em placas de Petri dispostas aleatoriamente. No centro de cada arena foram liberados adultos de S. zeamais com 48 h de idade na propor????o de 20 insetos por tratamento. A avalia????o da distribui????o foi realizada em intervalos de 24 h durante 10 dias, contando os insetos que estavam junto ?? massa de gr??os. As cultivares Cunha e ?SCS154 Fortuna? s??o as menos atrativas, enquanto que Canad?? e Gon??alves s??o as mais atrativas. aAgricultura familiar amilho crioulo ateste de prefer??ncia1 aBOFF, M. C.1 aBOFF, P.1 aFRANCO, C. R.1 aZANATTA, J. C.1 aWILLE, P.1 aMIQUELLUTI, D. L. tIn: CONGRESSO BRASILEIRO DE AGROECOLOGIA, 8., 2013, Porto Alegre, RS. Resumos... Porto Alegre, RS: Associa????o Brasileira de Agroecologia, 2013. p. 1-5.